Science Quiz

Random Science or Clickable Quiz

Auditory System (ILA2) Quiz Stats

 Plays Quiz not verified by Sporcle

Challenge
Share
Tweet
Embed
Score 0/44 Timer 20:00
0 Plays Today
% Correct
Malleus, Incus, Stapes
80%
Scala Vestibuli, Scala Media (cochlear duct), Scala Tympani
62.5%
Scala Vestibuli & Scala Tympani
62.5%
CORRECT
62.5%
Place Theory of Hearing
62.5%
Neomycin & Streptomycin
62.5%
Lateral Lemniscus
62.5%
DO NOT
62.5%
Rinne Test
62.5%
Inner hair cells
62.5%
85 dB
60%
TRUE
60%
Tensor Tympani
60%
Cochlea
60%
2000 Hz & 0.0002 dynes-sq. cm.
50%
100db
50%
Reissner's membrane (vestibular)
50%
Basilar Membrane
50%
Helicotrema
50%
YEP
50%
Base
50%
Organ of Corti (Spiral Organ)
50%
% Correct
Tectorial Membrane
50%
Hyperpolarizing Generator Potential
50%
Recruitment of afferents nerves to fire axe potentials
50%
Majority: Decussate via 'trapezoid body' to contralateral Superior Olivary Nucleus... Minority: ipsilateral Superior Olivary Nucleus
50%
Superior Olivary Nucleus
50%
Transverse Temporal Gyrus (Brodman's Area 41 & 42)
50%
Weber Test
50%
Stapedius
40%
Cochlear Duct (Scala Media)
37.5%
Apex
37.5%
Depolarizing Generator Potential
37.5%
Generator Potential
37.5%
Spiral Ganglion
37.5%
Inferior Colliculus
37.5%
Medial Geniculate Nucleus
37.5%
Auditory radiation then Internal capsule
37.5%
Inhibitory Effect on 'outer hair cells' for selective hearing
37.5%
Large force & Small
37.5%
Cochlear Nerve
37.5%
Membranous Labyrinth inside the Bony Labyrinth
30%
Perilymph Fistula
25%
Dorsal & Ventral Cochlear Nuclei
25%

You're not logged in!

Compare scores with friends on all Sporcle quizzes.
OR
Log In

You Might Also Like...

Show Comments

Extras

Created Apr 19, 2017ReportNominate
Tags:Clickable Quiz, auditory, system

Top Quizzes Today


Score Distribution

Your Account Isn't Verified!

In order to create a playlist on Sporcle, you need to verify the email address you used during registration. Go to your Sporcle Settings to finish the process.

Report this User

Report this user for behavior that violates our Community Guidelines.

Details: